00821nam a2200205 a 4500008004100000020001500041050001500056100002800071245005600099260004000155300002400195350000900219490003300228650005400261650004000315700002100355995010000376999001700476952012200493120416s1992 ||||||||||||||||| || u a0821320785 aIBRD(08)DP aSaito, Katrine Anderson10aDeveloping agricultural extension for women farmers aWashington, D. C.bWorld Bankc1992 axviii, 105p. : ill. a0.00 aWorld Bank Discussion Papers aAGRICULTURAL EXTENSION WORK--DEVELOPING COUNTRIES aWOMEN FARMERS--DEVELOPING COUNTRIES aSpurling, Daphne D0.00FCBU-MAIN LIBRARY (Kitwe)H1I0.00M1UAVAILABLEWJan 18, 2008ZInternational Publications c39877d39877 00102lcc4070a001b001cInternational Publicationsd2022-11-30l0oIBRD(08)DPp019397r2022-11-30w2022-11-30y002